Statistiques concernant Tous les pilotes du championnat de Formule E

Cliquez ici pour prendre le quiz!

Statistiques générales

  • Ce quiz a été pris 14 fois
    (7 depuis la dernière actualisation)
  • Le résultat moyen est 30 sur 68

Statistiques - réponses

Nb d'ePrix Pilote Nationalité Equipes Années de compétition % Correct
59Sébastien BuemiSuissee.DAMS2014-
100%
59Jean-Eric VergneFrançaisVenturi, Virgin, Techeetah2014-
100%
51Nelsinho PiquetBrésilienChina, NEXTEV, Jaguar2014-2019
100%
61Daniel AbtAllemandAudi2014-
83%
16Stoffel VandoorneBelgeHWA, Mercedes2018-
83%
61Lucas di GrassiBrésilienAudi2014-
83%
60Jérôme d'AmbrosioBelgeDragon, Mahindra2014-
83%
57Antonio Felix da CostaPortugaisAguri, Andretti, Techeetah2014-
83%
61Sam BirdBritanniqueVirgin2014-
83%
25Felix RosenqvistSuédoisMahindra2016-2019
83%
16Felipe MassaBrésilienVenturi2018-
83%
28André LottererAllemandTecheetah, Porsche2017-
83%
12Ma Qing HuaChinoisAguri, Techeetah, NIO2015-2018, 2019-
67%
5Neel JaniSuisseDragon, Porsche2017-2018, 2019-
67%
41Nicolas ProstFrançaise.DAMS2014-2018
67%
3Nyck de VriesNéerlandaisMercedes2019-
67%
15Pascal WehrleinAllemandMahindra2018-
67%
40Mitch EvansNéo-ZélandaisJaguar2016-
67%
44Nick HeidfeldAllemandVenturi, Mahindra2014-2018
67%
50Oliver TurveyBritanniqueNEXTEV, NIO2014-
67%
23Tom DillmannFrançaisVenturi, NIO2016-2019
67%
2Pierre GaslyFrançaise.DAMS2016-2017
50%
11Jarno TrulliItalienTrulli2014-2015
50%
5Charles PicFrançaisAndretti, China2014-2015
50%
2Franck MontagnyFrançaisAndretti2014-2015
50%
1Takuma SatoJaponaisAguri2014-2015
50%
13Maximilian GüntherAllemandDragon, Andretti2018-
50%
11Karun ChandhokIndienMahindra2014-2015
50%
16Alexander SimsBritanniqueAndretti2018-
50%
25Edoardo MortaraSuisseVenturi2017-
50%
38Robin FrijnsNéerlandaisAndretti, Virgin2015-2017, 2018-
50%
17Oliver RowlandBritanniqueMahindra, e.DAMS2015-2016, 2018-
50%
33José Maria LopezArgentinVirgin, Dragon2016-2019
50%
2Nico MüllerSuisseDragon2019-
33%
37Stéphane SarrazinFrançaisVenturi, Techeetah, Andretti2014-2018
33%
3James CaladoBritanniqueJaguar2019-
33%
3Brendon HartleyNéo-ZélandaisDragon2019-
33%
28Loïc DuvalFrançaisDragon2014-2017
33%
3Felipe NasrBrésilienDragon2018-2019
33%
13Gary PaffettBritanniqueHWA2018-2019
33%
3Esteban GutiérrezMexicainTecheetah2016-2017
33%
21Alex LynnBritanniqueVirgin, Jaguar2016-2019
33%
21Bruno SennaBrésilienMahindra2014-2016
33%
23Maro EngelAllemandVenturi2016-2018
17%
2Antonio GarciaEspagneChina2014-2015
17%
1Justin WilsonBritanniqueAndretti2014-2015
17%
12Simona de SilvestroSuisseAndretti2014-2016
17%
1Marco AndrettiAméricainAndretti2014-2015
17%
12Salvador DuranMexicainAguri2014-2016
17%
2Kamui KobayashiJaponaisAndretti2017-2018
17%
2Jacques VilleneuveCanadienVenturi2015-2016
17%
2Sakon YamamotoJaponaisAguri2014-2015
17%
2Fabio LeimerSuisseVirgin2014-2015
17%
2Katherine LeggeBritanniqueAguri2014-2015
17%
2Alex FontanaSuisseTrulli2014-2015
17%
5Vitantonio LiuzziItalienTrulli2014-2015
17%
2Matthew BrabhamAustralien/AméricainAndretti2014-2015
17%
11Luca FilippiItalienNIO2014-2015
17%
9Jaime AlguersuariEspagnolVirgin2014-2015
17%
8Mike ConwayBritanniqueVenturi, Dragon2015-2017
17%
6Tom BlomqvistBritanniqueAndretti2017-2018
17%
3Nathanaël BerthonFrançaisAguri2015-2016
17%
3Ho-Pin TungChinoisChina2014-2015
17%
4Scott SpeedAméricainAndretti2014-2015
17%
4Oriol ServiaEspagnolDragon2014-2015
17%
4Michela CerrutiItalienTrulli2014-2015
17%
1René RastAllemandAguri2015-2016
17%
12Adam CarrollBritanniqueJaguar2016-2017
0%

Distribution des résultats

Percentile par nombre de réponses

% des personnes avec chaque résultat

Votre développement - résultats

Vous n’avez pas pris ce quiz depuis la dernière actualisation